000 01191nam a2200373 a 4500
003 AR-BaBNM
005 20251128205852.0
008 082120s2002 ||||||||||||||000 | spa||
020 _a84-7738-040-6
040 _cAR-BaBNM
245 0 0 _aAplicaciones de la informática a la geografía y ciencias sociales
260 _aMadrid
_bSíntesis
_c1988
300 _a319 p.
_bgráfs., diagr.
490 0 _aTrabajos prácticos de geografía
_v1
500 _aContiene índice p. 5-9
500 _aContiene índice de cuadros p. 313
500 _aContiene índice de figuras p. 314-316
500 _aContiene índice de términos p. 317-319
504 _aContiene bibliografía p. 307-311
650 4 _aINFORMATICA
650 4 _aGEOGRAFIA
650 4 _aCIENCIAS SOCIALES
650 4 _aPROCESAMIENTO DE DATOS
700 1 _aBosque Sendra, Joaquín
700 1 _aCebrián de Miguel, Juan Antonio
700 1 _aJimenez Blasco, Beatriz C.
700 1 _aMoreno Jiménez, Antonio
700 1 _aMuguruza Cañas, Carmen
700 1 _aRodriguez Rodriguez, Vicente
700 1 _aSantos Preciado, José M.
800 1 _aPuyol Antolín, Rafael
942 _cBK
998 _cRaquel
999 _c13085
_d13085